| 000 | 02759cjm a2200565 i 4500 | ||
|---|---|---|---|
| 001 | data | ||
| 005 | 20260322212123.0 | ||
| 007 | data | ||
| 008 | data | ||
| 035 | _a17706373 | ||
| 906 |
_a7 _bcbc _ccopycat _d2 _encip _f20 _gy-soundrec |
||
| 925 | 0 |
_aacquire _b2 shelf copies _xpolicy default |
|
| 955 | _tqr27 2024-10-07 added copy 2 | ||
| 010 | _a 2013619216 | ||
| 028 | 0 | 2 |
_aTHT CD 9224 _bOriginal Cast Records/Take Home Tunes |
| 033 |
_b3804 _cN4 |
||
| 035 | _a(OCoLC)29601900 | ||
| 040 |
_aFMM _beng _erda _cDLC _dDLC _dOCLCO _dOCLCF _dCNO _dOCLCQ _dOCLCA _dOCLCO _dOCLCL _dDLC |
||
| 042 | _alccopycat | ||
| 050 | 0 | 0 | _aSDC 24444 |
| 100 | 1 |
_aLane, Burton, _d1912-1997, _ecomposer. _1https://id.oclc.org/worldcat/entity/E39PBJpjhMjRrmpj9TkPcGtYfq |
|
| 245 | 1 | 0 |
_aCarmelina / _cmusic by Burton Lane ; lyrics by Alan Jay Lerner. |
| 264 | 1 |
_aEnglewood Cliffs, N.J. : _bOriginal Cast Records/Take Home Tunes, _c[1992] |
|
| 300 |
_a1 audio disc : _bdigital, stereo ; _c4 3/4 in. |
||
| 336 |
_aperformed music _bprm _2rdacontent |
||
| 337 |
_aaudio _bs _2rdamedia |
||
| 338 |
_aaudio disc _bsd _2rdacarrier |
||
| 344 |
_adigital _2rdatr |
||
| 344 |
_boptical _2rdarm |
||
| 344 |
_gstereo _2rdacpc |
||
| 347 |
_aaudio file _2rdaft |
||
| 347 | _bCD audio | ||
| 500 | _aMusical comedy. | ||
| 500 | _aTitle from disc label. | ||
| 500 | _aBook by Alan Jay Lerner and Joseph Stein. | ||
| 500 | _a"Remixed & digitally remastered." | ||
| 500 | _aBiographical notes and synopsis on container. | ||
| 505 | 0 | _aOverture -- Prayer ; It's time for a love song -- Why him? -- I must have her -- Someone in April -- Signora Campbell -- Love before breakfast -- Yankee Doodles are coming to town -- One more walk around the garden -- All that he wants me to be -- Carmelina -- The image of me -- I'm a woman -- Finale. | |
| 511 | 0 | _aMembers of the original Broadway cast, starring Georgia Brown, Paul Sorvino, vocals ; with supporting cast ; orchestra ; Don Jennings, conductor. | |
| 518 |
_oRecorded at _pRCA Studios, New York City. |
||
| 650 | 0 | _aMusicals. | |
| 650 | 7 |
_aMusicals. _2fast _0(OCoLC)fst01030814 |
|
| 655 | 7 |
_aMusicals. _2lcgft |
|
| 700 | 1 |
_aLerner, Alan Jay, _d1918-1986, _elibrettist. _elibrettist. _1https://id.oclc.org/worldcat/entity/E39PBJdxbBWQkjmFMH6jvrhrbd |
|
| 700 | 1 |
_aStein, Joseph, _elibrettist. |
|
| 700 | 1 |
_aBrown, Georgia, _esinger. |
|
| 700 | 1 |
_aSorvino, Paul, _esinger. |
|
| 700 | 1 |
_aJennings, Don _c(Conductor), _econductor. _1https://id.oclc.org/worldcat/entity/E39PCjwhrxh43PT99WDGF9KV3P |
|
| 758 |
_ihas work: _aCarmelina (Music) _1https://id.oclc.org/worldcat/entity/E39PCGpk8vD4gBbcd7JmmyCGH3 _4https://id.oclc.org/worldcat/ontology/hasWork |
||
| 999 |
_c1890 _d1890 |
||